<?xml version='1.0' encoding='UTF-8'?>
  <record xmlns="http://www.loc.gov/MARC21/slim">
    <leader>00000cam a22000007i 4500</leader>
    <controlfield tag="001">ocm66866503</controlfield>
    <controlfield tag="003">OCoLC</controlfield>
    <controlfield tag="005">20241204163045.5</controlfield>
    <controlfield tag="008">031214s1588    gw            000 0 ger d</controlfield>
    <datafield tag="040" ind1=" " ind2=" ">
      <subfield code="a">NLGGC</subfield>
      <subfield code="b">dut</subfield>
      <subfield code="e">fobidrtb</subfield>
      <subfield code="c">NLGGC</subfield>
      <subfield code="d">OCLCL</subfield>
      <subfield code="d">OCLCQ</subfield>
    </datafield>
    <datafield tag="029" ind1="0" ind2=" ">
      <subfield code="a">NLGGC</subfield>
      <subfield code="b">257981810</subfield>
    </datafield>
    <datafield tag="035" ind1=" " ind2=" ">
      <subfield code="a">(OCoLC)66866503</subfield>
    </datafield>
    <datafield tag="100" ind1="1" ind2=" ">
      <subfield code="a">Eyzinger, Michael.</subfield>
    </datafield>
    <datafield tag="245" ind1="1" ind2="0">
      <subfield code="a">Spanischer Armada oder Kriegsrüstung warhaffte Relation /</subfield>
      <subfield code="c">auss dem Hispanischen Original in Hochteutsch ubergesetzt ; sambt Erzehlung: wie deiselbig den 29. unnd 30. Maij under dem Bevelch des Hertzogen von Medina Sidonia, auss Portugal abgeschifft, unnd wie sie mit grosser Gefahr darnach an Engellandt ankommen, unnd sich im engen Meer durchgeschlagen, den 8. 9. und 10. Augusti, auch wie darnach solche Armada auff dem flachen Meer abermals mit den Englischen ein Treffen gethan den 22. Tag desselbigen Monats Augusti 1588.</subfield>
    </datafield>
    <datafield tag="260" ind1=" " ind2=" ">
      <subfield code="a">Zu Cölln :</subfield>
      <subfield code="b">bey Godtfriedt van Kempen,</subfield>
      <subfield code="c">1588.</subfield>
    </datafield>
    <datafield tag="300" ind1=" " ind2=" ">
      <subfield code="c">19 cm.</subfield>
    </datafield>
    <datafield tag="336" ind1=" " ind2=" ">
      <subfield code="a">tekst</subfield>
      <subfield code="b">txt</subfield>
      <subfield code="2">rdacontent/dut</subfield>
    </datafield>
    <datafield tag="337" ind1=" " ind2=" ">
      <subfield code="a">zonder medium</subfield>
      <subfield code="b">n</subfield>
      <subfield code="2">rdamedia/dut</subfield>
    </datafield>
    <datafield tag="338" ind1=" " ind2=" ">
      <subfield code="a">band</subfield>
      <subfield code="b">nc</subfield>
      <subfield code="2">rdacarrier/dut</subfield>
    </datafield>
    <datafield tag="500" ind1=" " ind2=" ">
      <subfield code="a">Auteur is Michael Eyzinger.</subfield>
    </datafield>
    <datafield tag="510" ind1="0" ind2=" ">
      <subfield code="a">Van Someren 142</subfield>
    </datafield>
    <datafield tag="510" ind1="0" ind2=" ">
      <subfield code="a">VD 16.1 niet</subfield>
    </datafield>
    <datafield tag="758" ind1=" " ind2=" ">
      <subfield code="a">Spanischer Armada oder Kriesrüstung warhaffte Relation (Text)</subfield>
      <subfield code="1">https://id.oclc.org/worldcat/entity/E39PCXvmF3TWGpKV9bMVFhkx6q</subfield>
      <subfield code="4">https://id.oclc.org/worldcat/ontology/hasWork</subfield>
    </datafield>
    <datafield tag="936" ind1=" " ind2=" ">
      <subfield code="a">BATCHLOAD</subfield>
    </datafield>
  </record>